01774nam a22002177a 450000500170000000700150001700800410003202000220007303500100009504000090010510000220011424501220013625600240025826000400028230000280032250007650035050602700111565000320138574000380141785601010145520240305165608.0cr|||| |||| 210702s2020 co |||||s|||| 00||0 spa d a978-958-792-148-9 a33446 avLex1 aParadiso, Gabriel10aFeedback conscienteh[Recurso electrónico] :bun manual para líderes, facilitadores y coaches /cGabriel Paradiso aServicio en línea aBogotá:bEdiciones de la U,c2020 a1 recurso electrónico aEs una obra ágil, refrescante, útil y práctica del potente mundo del feedback. Fiel a su estilo personal, Gabriel Paradiso nos presenta un material con realismo, profundidad y calidad, muy bien estructurado con una combinación fantástica de modelos conceptuales, herramientas, investigaciones, ejemplos, historias y desafíos. Nadie hasta ahora había reunido tanta información sobre dar y recibir feedback. El desarrollo de sus capítulos dan testimonio de la reflexión académica y empírica que nutre y es nutrida por este tema. Es imposible no preguntarse ¿cómo es que el feedback y el coaching han dejado de ser “accesorios útiles” -más mencionados que ejecutados- de la acción gerencial, para convertirse en un eje central?1 aDisponible solo en los productos indicadosdvLex GlobaldvLex Global (Academic Edition, excluding Law Schools)dvLex Global (U.S. Academic Edition, Law Schools)dvLex Global (U.S. Academic Edition, excluding Law Schools)dvLex Global (Academic Edition, Law Schools)04aCiencias socialeszColombia0 avLex Libros (Servicio en línea)40uhttps://vlex.com/source/feedback-consciente-un-manual-para-lideres-facilitadores-y-coaches-33446